000 00639nam a22002177a 4500
005 20200104041758.0
008 170818b? ck ||||| |||| 00| 0 spa d
020 _a9789588554006
040 _aCO-BoIAVH
_cCO-BoIAVH
041 _aspa
044 _ack
090 _aEA
_b00423
110 _aFundación Omcaha
245 _aSofia la Nutria
260 _aBogotá:
_bFundación Omacaha,
_bFundación Horizonte Verde,
_cs.f.
300 _a8.páginas
_bilustraciones para colorear,
650 1 4 _aEducación ambiental
650 1 4 _aCuentos para niños
650 1 4 _aDibujos para colorear
942 _2z
_cFolleto
999 _c19761
_d19761